| 000 | 01043nmm a2200325 a 4500 | ||
|---|---|---|---|
| 001 | ocm000984901 | ||
| 003 | TR-IsHL | ||
| 005 | 20201028153732.0 | ||
| 008 | 150406s2013 tu tur | ||
| 007 | cr cn | ||
| 035 |
_a984901 _b(N$T) |
||
| 050 | 0 | 4 |
_aPR9540.9.A44 _bW3619 2013 |
| 090 | 0 | 4 |
_aPR9540.9.A44 _bW3619 2013 |
| 100 | 1 | _aAhmad, Jamil-ud-Din | |
| 245 | 1 | 0 |
_aGöçebe _h[electronic resource] / _cJamil-ud-Din Ahmad ; çeviri Elif Yüksel |
| 260 |
_aİstanbul : _bYakamoz Kitap, _c2013 |
||
| 300 | _a257 p. | ||
| 500 |
_aOrjinal adı : The wandering falcon _x |
||
| 650 | 4 | _aDil ve Edebiyat | |
| 650 | 4 | _aLanguage and Literature | |
| 650 | 0 |
_aNomadlar _xRoman |
|
| 650 | 0 |
_aNomads _xFiction |
|
| 650 | 0 |
_aPakistan _xRoman |
|
| 650 | 0 |
_aPakistan _xFiction |
|
| 650 | 0 |
_aAfganistan _xRoman |
|
| 650 | 0 |
_aAfghanistan _xFiction |
|
| 650 | 7 |
_aLITERARY CRITICISM / Middle Eastern _2bisacsh |
|
| 700 | 1 | _aYüksel, Elif | |
| 856 | 4 | 0 | _uhttp://search.ebscohost.com/login.aspx?direct=true&scope=site&db=e011xww&AN=984901 |
| 999 |
_c12206 _d12206 |
||